000
00322nam a2200121Ia 4500
008
220214s9999 xx 000 0 und d
100
_a
Vince Gaia
245
0
_a
Glacier man
260
_b
Science
_c
2009
300
_a
659-661
520
_a
Articles bound received from Dr. James Jacob, Director(R), March 2010
942
_c
RE
999
_c
45396
_d
45396